| 000 | 00546nam a2200169 a 4500 | ||
|---|---|---|---|
| 001 | 000036756 | ||
| 005 | 20200930075922.0 | ||
| 008 | 120131s1970 ve 000 0 spa d | ||
| 040 |
_aDO-SdBNP _bspa _cBNPHU |
||
| 082 |
_axxxx _bF742p |
||
| 100 | 1 |
_aFortini, Franco _963089 |
|
| 245 | 1 | 4 |
_aLos poderes culturales / _cFranco Fortini ; traducción Rafael Di Prisco. |
| 260 |
_aCaracas : _bUniversidad Central de Venezuela, _c1970. |
||
| 300 |
_a184 p. ; _c21 cm. |
||
| 490 | 1 | _aEdiciones de la biblioteca | |
| 830 | 0 |
_aEdiciones de la biblioteca _914122 |
|
| 999 |
_c36247 _d36247 |
||